| 000 | 01122nam a22002417a 4500 | ||
|---|---|---|---|
| 999 |
_c7789 _d7789 |
||
| 003 | AR-CdUCM | ||
| 008 | 190321b ||||| |||| 00| 0 spa d | ||
| 040 |
_aMUNICIPALIDAD PROVINCIAL DEL CUSCO _cBIBLIOTECA MUNICIPAL DEL CUSCO |
||
| 082 |
_a378.42 / _bE25 |
||
| 245 |
_aEducación bilingüe : _buna experiencia en la amazonía peruana / |
||
| 260 |
_aLima : _bInstituto Lingüístico de Verano, _c1979. |
||
| 300 |
_a520 páginas ; _bImágenes, Figuras . _c20.5 cm. |
||
| 505 | _aContenido: Perspectiva histórica -- Informe sobre diferentes aspectos del programa -- Lo que nos ha enseñado la experiencia peruana -- Preparación de materiales de idiomas vernáculos -- La influencia de la educación bilingue en el desarrollo de las comunidades nativas ... | ||
| 650 |
_aEducación bilingüe _922011 |
||
| 650 |
_aPerú _935 |
||
| 650 |
_aAmazonia _93433 |
||
| 700 |
_aPrado Pastor, Ignacio (editor) _922012 |
||
| 700 |
_aLarson, Mildred L. (recopilador) _922013 |
||
| 700 |
_aDavis, Patricia M. (recopilador) _922014 |
||
| 700 |
_aBallena Dávila, Marlene (recopilador) _922015 |
||
| 942 |
_2ddc _cLIBROS |
||
| 945 | _aafb | ||